Ботаническая экспертиза (Запись № 12267409)
[ простой вид ]
| 000 -МАРКЕР | |
|---|---|
| контрольное поле | 01949nam0a2200337 i 4500 |
| 001 - ИДЕНТИФИКАТОР ЗАПИСИ | |
| контрольное поле | RU\NLR\BIBL_A\011557593 |
| 005 - ИДЕНТИФИКАТОР ВЕРСИИ | |
| контрольное поле | 20260408070959.0 |
| 010 ## - МЕЖДУНАРОДНЫЙ СТАНДАРТНЫЙ НОМЕР КНИГИ (ISBN) | |
| Номер (ISBN) | 9785992610079 |
| Тираж | 200 |
| 021 ## - НОМЕР ГОСУДАРСТВЕННОЙ РЕГИСТРАЦИИ | |
| Код страны | российская федерация |
| Номер | 2017-88666 |
| Номер Листа государственной регистраци | 6334 |
| 035 ## - ДРУГИЕ СИСТЕМНЫЕ НОМЕРА | |
| Идентификатор записи | (RuMoRGB)009460933 |
| 035 ## - ДРУГИЕ СИСТЕМНЫЕ НОМЕРА | |
| Идентификатор записи | (NLR Aleph) 011557593 |
| 100 ## - ДАННЫЕ ОБЩЕЙ ОБРАБОТКИ | |
| Данные общей обработки | 20171213d2017 um y0rusy50 ca |
| 101 0# - ЯЗЫК РЕСУРСА | |
| Язык текста, звукозаписи и т.д. | русский |
| 102 ## - СТРАНА ПУБЛИКАЦИИ ИЛИ ПРОИЗВОДСТВА | |
| Страна публикации | российская федерация |
| 105 ## - ПОЛЕ КОДИРОВАННЫХ ДАННЫХ: ТЕКСТОВЫЕ МАТЕРИАЛЫ, МОНОГРАФИЧЕСКИЕ | |
| Кодированные данные о монографическом текстовом документе | h|||j|||000zy |
| 200 1# - ЗАГЛАВИЕ И СВЕДЕНИЯ ОБ ОТВЕТСТВЕННОСТИ | |
| Основное заглавие | Ботаническая экспертиза |
| Сведения, относящиеся к заглавию | курс лекций для магистрантов, обучающихся по направлению 06.04.01 "Биология" (профиль "Биологическая экспертиза в судебно-криминалистической практиве"), и студентов по направлению 06.03.01 "Биология" (профиль "Биоэкология") |
| Первые сведения об ответственности | Министерство образования и науки Российской Федерации, Астраханский государственный университет |
| Последующие сведения об ответственности | [составители: С. Р. Кособокова и др.] |
| 210 ## - ПУБЛИКАЦИЯ, РАСПРОСТРАНЕНИЕ И ДР. | |
| Место издания, распространения и т.д. | Астрахань |
| Имя издателя, распространителя и т. д. | Астраханский университет |
| Дата издания, распространения и т.д. | 2017 |
| 215 ## - ФИЗИЧЕСКАЯ ХАРАКТЕРИСТИКА | |
| Специфическое обозначение материала и объем | 98 с. |
| Другие сведения о физической характеристике | факс. |
| Размеры | 21 |
| 320 ## - ПРИМЕЧАНИЯ О НАЛИЧИИ В ДОКУМЕНТЕ БИБЛИОГРАФИИ / УКАЗАТЕЛЯ | |
| Текст примечания | Библиогр.: с. 93-98 (57 назв.) |
| 606 ## - НАИМЕНОВАНИЕ ТЕМЫ КАК ПРЕДМЕТ | |
| Наименование темы | Судебно-ботаническая экспертиза |
| Формальный подзаголовок | Учебные издания для высших учебных заведений |
| Системный номер авторитетной/нормативной записи | 1728231 |
| Идентификатор авторитетной/нормативной записи | RU\NLR\AUTH\661068676 |
| 686 ## - ИНДЕКСЫ ДРУГИХ КЛАССИФИКАЦИЙ | |
| Индекс | Е5с.я73-1 |
| Код системы | |
| 686 ## - ИНДЕКСЫ ДРУГИХ КЛАССИФИКАЦИЙ | |
| Индекс | Х629.341.315я73-1 |
| Код системы | |
| 686 1# - ИНДЕКСЫ ДРУГИХ КЛАССИФИКАЦИЙ | |
| Индекс | Х629.411я73 |
| 702 #1 - ИМЯ ЛИЦА - ВТОРИЧНАЯ ОТВЕТСТВЕННОСТЬ | |
| Начальный элемент ввода | Кособокова |
| Часть имени, кроме начального элемента ввода | С. Р. |
| Расширение инициалов личного имени | Светлана Рудольфовна |
| Код отношения | Составитель |
| 712 02 - НАИМЕНОВАНИЕ ОРГАНИЗАЦИИ - ВТОРИЧНАЯ ОТВЕТСТВЕННОСТЬ | |
| Код отношения | Прочие |
| Начальный элемент ввода | Астраханский государственный университет |
| Идентификатор авторитетной/нормативной записи | RU\NLR\AUTH\8810048023 |
| Системный номер авторитетной/нормативной записи | 596095 |
| 942 ## - ДОПОЛНИТЕЛЬНЫЕ ЭЛЕМЕНТЫ ЗАПИСИ (АБИС) | |
| Тип экземпляра АБИС | Книга |
| 980 ## - КОЛЛЕКЦИЯ | |
| Название коллекции | НБР |
Нет доступных экземпляров.